000 00687nam a22002417a 4500
003 UA-OsUOA
001 47499
007 ta
008 20120620b un ||||| |||| 00| 0 ukr d
100 _aРуданський С.
090 _a09.-82-1
_bР83
942 _cBK
040 _aUA-OsUOA
_bukr
_cUA-OsUOA
_dUA-OsUOA
245 _aСпівомовки
300 _a140 с.
955 _a3
041 _aukr
080 _a09.-82-1
260 _aВінніпег
_bУкраїнська книгарня
650 7 _a0 Загальний відділ.
_2UDC
999 _c427604
_d427604